Capoluoghi che iniziano con la Z - Statistics

Statistiche generali
  • Questo quiz è stato fatto 37 volte
  • Il punteggio medio è 7 su 8
Statistiche sulle risposte
Popolazione (ab.) Regione Capoluogo % Corretto
260 802 Veneto Venezia
100%
257 683 Veneto Verona
96%
34 133 Calabria Vibo Valentia
93%
80 634 Lombardia Varese
89%
67 831 Lazio Viterbo
89%
30 7090 Piemonte Verbania
86%
45 968 Piemonte Vercelli
86%
111 620 Veneto Vicenza
86%
Nessun quiz corrispondente trovato
Distribuzione punteggi
Percentuale di utenti per punteggio
Percentile per numero di risposta
I tuoi punteggi nel tempo
Non hai fatto questo quiz